00448 2200157 4500001002100000008004100021035002000062245006500082100002200147260004300169300002200212020002200234084001400256082000800270990001200278INLIS000000000002840 IND  a0010-0925000187 aStrategi & Bank Soal Kimia 10, 11, 12 SMAcTim Maestro Eduka aTim Maestro Eduka aSidoarjobGenta Group Productionc2020 a242c(19 x 26 cm) a978-602-7735-01-9 a813 MAE s a813 a0755062